1242 1286 1112 1480 1808 1867 1460 1958 1077 1131 1858 1820 1776 1723 1832 1177 1437 1726 1041 1086 1025 1708 1798 1594 1152 1062 1650 1880 1619 1255 1730 1524 1895 1717 1455 1785 1757 1967 1159 1430 1284 1322 1373 1360 1804 1442 1047 1700 1216 1878 1219 1153 1155 1530 1680 1626 1452 1899 1149 1818 1875 1485 1226 1864 1601 1115 1404 1795 1388 1874 1285 1030 1447 1562 1187 1549 1639 1984 1218 1309 1588 1638 1692 1551 1758 1147 1925 1780 1106 1968 1722 1356 1550 1226 1186 1587 1960 1767 1658 BCNSPRNW ULIB Ver.6.0+V

เปลี่ยนเป็นภาษาไทย

Change to English
 แสดงรายละเอียดบรรณานุกรม
  กลับหน้าหลัก

Brief Record : Get Marc (ISO 2709) : E-mail record : QR code < ปิดหน้าต่าง
LEADER : 00000nam 2200000uu 4500
001    13399115053
003     ULIB
008    110627s2552||||th 000 0 tha d
020    9786167190198
090    นว.^bก316อ ล.1
100 0  กลีบลำดวน
245 00 อโณมายอดรัก เล่ม1/^cกลีบลำดวน
250    พิมพ์ครั้งที่ 1
260    กรุงเทพฯ :^bอินเลิฟ,^c2552
300    278 หน้า
710 1  อินเลิฟ
945    ^p0^l0^i028028
995    ทศพร
999 ^a ใช้งานได้ทุกระบบ
รายการนี้ยังไม่มีแท็ก
คุณยังไม่ได้ล็อกอิน คุณสามารถมีกิจกรรมร่วมกับเว็บไซต์ได้ แต่ต้องล็อกอินก่อน ::
  ล็อกอิน

รายการสื่อสารสนเทศ

ลำดับที่ ประเภท เลขเรียก/บาร์โค้ด สถานที่ สถานะ
1. นวนิยาย
นวนิยาย
นว. ก316อ ล.1 ฉ.1 
  Barcode: 028028
ห้องสมุดวิทยาเขตสวรรค์ประชารักษ์
►นวนิยาย
บนชั้น
  ขอยืม

รายการใกล้เคียง
    ผู้แต่ง [กลีบลำดวน]

BibComment


ยังไม่เคยถูกคอมเมนท์

คอมเมนท์ทรัพยากรรายการนี้
  คอมเมนท์: อโณมายอดรัก เล่ม1..


 Copyright 2026. Bcnsprnw @Library